[Event "9th Vellmar Chess Days"]
[Site "chess24.com"]
[Date "2017.07.13"]
[Round "1"]
[White "Geisler, Reinhard"]
[Black "Kroder, Johannes"]
[Result "0-1"]
[Board "28"]
[WhiteElo "1835"]
[WhiteCountry "GER"]
[WhiteFideId "4679733"]
[WhiteEloChange "-4"]
[BlackElo "2075"]
[BlackCountry "GER"]
[BlackFideId "24692930"]
[BlackEloChange "4"]

1. d4 {[%clk 1:30:30]} Nf6 {[%clk 1:30:30]} 2. Bf4 {[%clk 1:30:30]} c5 {[%clk
1:30:30]} 3. e3 {[%clk 1:24:27]} d5 {[%clk 1:25:17]} 4. c3 {[%clk 1:23:28]} Nc6
{[%clk 1:25:30]} 5. Nd2 {[%clk 1:23:40]} Bf5 {[%clk 1:20:17]} 6. Qb3 {[%clk
1:23:41]} Qc8 {[%clk 1:19:28]} 7. h3 {[%clk 1:22:09]} e6 {[%clk 1:19:37]} 8. Ngf3
{[%clk 1:22:26]} h6 {[%clk 1:18:31]} 9. Be2 {[%clk 1:22:27]} c4 {[%clk 1:18:06]}
10. Qd1 {[%clk 1:21:46]} b5 {[%clk 1:16:51]} 11. a3 {[%clk 1:20:52]} Be7 {[%clk
1:16:57]} 12. O-O {[%clk 1:20:49]} O-O {[%clk 1:16:38]} 13. Ne5 {[%clk 1:16:22]}
a5 {[%clk 1:14:47]} 14. Ndf3 {[%clk 0:53:28]} b4 {[%clk 1:11:16]} 15. Nxc6 {[%clk
0:53:28]} Qxc6 {[%clk 1:10:02]} 16. Ne5 {[%clk 0:53:40]} Qb7 {[%clk 1:08:16]} 17.
axb4 {[%clk 0:53:40]} axb4 {[%clk 1:08:16]} 18. f3 {[%clk 0:50:37]} Rxa1 {[%clk
1:03:23]} 19. Qxa1 {[%clk 0:50:51]} Ra8 {[%clk 1:03:44]} 20. Qe1 {[%clk 0:41:38]}
Ra2 {[%clk 0:55:42]} 21. e4 {[%clk 0:40:51]} dxe4 {[%clk 0:55:36]} 22. Nxc4
{[%clk 0:37:34]} bxc3 {[%clk 0:50:04]} 23. bxc3 {[%clk 0:32:55]} Qb3 {[%clk
0:46:26]} 24. Bd2 {[%clk 0:04:12]} exf3 {[%clk 0:40:40]} 25. gxf3 {[%clk
0:03:43]} Bxh3 {[%clk 0:40:40]} 26. Rf2 {[%clk 0:04:04]} Bf5 {[%clk 0:38:05]} 27.
Rh2 {[%clk 0:04:26]} Qb1 {[%clk 0:33:32]} 28. Qxb1 {[%clk 0:04:26]} Bxb1 {[%clk
0:33:32]} 29. Kf2 {[%clk 0:03:49]} Bc2 {[%clk 0:29:19]} 30. Bf1 {[%clk 0:03:07]}
Bb3 {[%clk 0:25:27]} 31. Kg1 {[%clk 0:03:14]} Nd5 {[%clk 0:19:56]} 32. Bd3 {[%clk
0:03:17]} Ra1+ {[%clk 0:14:57]} 33. Kf2 {[%clk 0:03:30]} Bg5 {[%clk 0:13:14]} 34.
Be1 {[%clk 0:02:42]} Nf4 {[%clk 0:08:56]} 35. Bf1 {[%clk 0:02:41]} Bd1 {[%clk
0:08:05]} 36. Ne3 {[%clk 0:02:43]} Ra2+ {[%clk 0:07:51]} 37. Kg1 {[%clk 0:02:38]}
Rxh2 {[%clk 0:07:10]} 38. Nxd1 {[%clk 0:02:47]} Rc2 {[%clk 0:06:12]} 39. Bc4
{[%clk 0:02:57]} Rc1 {[%clk 0:06:23]} 40. Bb3 {[%clk 0:03:12]} Nd3 {[%clk
0:05:12]} 41. Bg3 {[%clk 0:03:12]} Nb2 {[%clk 0:05:06]} 0-1

[Event "9th Vellmar Chess Days"]
[Site "chess24.com"]
[Date "2017.07.13"]
[Round "1"]
[White "von Zimmermann, Georg"]
[Black "Flach, Helene"]
[Result "1-0"]
[Board "29"]
[WhiteElo "2072"]
[WhiteCountry "GER"]
[WhiteFideId "4663284"]
[WhiteEloChange "4"]
[BlackElo "1819"]
[BlackCountry "GER"]
[BlackFideId "12929735"]
[BlackEloChange "-4"]

1. e4 {[%clk 1:30:53]} c5 {[%clk 1:30:55]} 2. Nf3 {[%clk 1:31:15]} e6 {[%clk
1:31:19]} 3. d3 {[%clk 1:31:30]} a6 {[%clk 1:31:09]} 4. g3 {[%clk 1:30:38]} b5
{[%clk 1:30:24]} 5. Bg2 {[%clk 1:27:22]} Bb7 {[%clk 1:30:34]} 6. O-O {[%clk
1:25:55]} d6 {[%clk 1:30:19]} 7. Ng5 {[%clk 1:15:36]} Qc7 {[%clk 1:24:32]} 8. f4
{[%clk 1:11:45]} Nf6 {[%clk 1:22:29]} 9. f5 {[%clk 1:04:23]} e5 {[%clk 1:21:27]}
10. Nc3 {[%clk 0:57:20]} Be7 {[%clk 1:19:25]} 11. h4 {[%clk 0:51:07]} h6 {[%clk
1:11:31]} 12. Nh3 {[%clk 0:51:14]} Nc6 {[%clk 1:03:21]} 13. Nd5 {[%clk 0:49:10]}
Nxd5 {[%clk 0:59:44]} 14. exd5 {[%clk 0:49:37]} Nb8 {[%clk 0:59:10]} 15. c3
{[%clk 0:43:15]} Nd7 {[%clk 0:56:09]} 16. d4 {[%clk 0:38:24]} Bf6 {[%clk
0:52:05]} 17. dxe5 {[%clk 0:38:23]} Nxe5 {[%clk 0:50:04]} 18. a4 {[%clk 0:37:34]}
c4 {[%clk 0:47:30]} 19. Be3 {[%clk 0:33:55]} Nd3 {[%clk 0:44:10]} 20. axb5 {[%clk
0:32:06]} axb5 {[%clk 0:43:42]} 21. Rxa8+ {[%clk 0:31:36]} Bxa8 {[%clk 0:44:05]}
22. Qd2 {[%clk 0:29:55]} O-O {[%clk 0:38:57]} 23. Nf2 {[%clk 0:26:56]} Nxf2
{[%clk 0:36:35]} 24. Qxf2 {[%clk 0:27:01]} Bb7 {[%clk 0:30:36]} 25. Re1 {[%clk
0:18:42]} Qd8 {[%clk 0:22:53]} 26. Bd4 {[%clk 0:12:19]} Bxd4 {[%clk 0:21:51]} 27.
Qxd4 {[%clk 0:12:42]} Bc8 {[%clk 0:21:16]} 28. Rf1 {[%clk 0:08:47]} f6 {[%clk
0:20:48]} 29. Bh3 {[%clk 0:05:59]} Re8 {[%clk 0:19:10]} 30. Bg4 {[%clk 0:05:37]}
Re5 {[%clk 0:17:45]} 31. Ra1 {[%clk 0:04:11]} Bxf5 {[%clk 0:14:50]} 32. Bxf5
{[%clk 0:04:01]} Rxf5 {[%clk 0:15:13]} 33. Ra7 {[%clk 0:04:00]} Re5 {[%clk
0:14:30]} 34. Kf2 {[%clk 0:03:08]} Qc8 {[%clk 0:09:46]} 35. g4 {[%clk 0:01:59]}
Qe8 {[%clk 0:09:35]} 36. Rb7 {[%clk 0:01:47]} Re2+ {[%clk 0:08:31]} 37. Kf3
{[%clk 0:02:15]} Rxb2 {[%clk 0:08:04]} 38. Qe3 {[%clk 0:02:35]} Qf8 {[%clk
0:04:20]} 39. Qe6+ {[%clk 0:02:51]} Kh7 {[%clk 0:04:00]} 40. Qf5+ {[%clk
0:01:23]} Kh8 {[%clk 0:01:55]} 41. Rc7 {[%clk 0:30:54]} Rb3 {[%clk 0:30:37]} 42.
Rc8 {[%clk 0:27:58]} Rxc3+ {[%clk 0:30:59]} 43. Ke4 {[%clk 0:26:03]} Qxc8 {[%clk
0:30:53]} 44. Qxc8+ {[%clk 0:26:27]} Kh7 {[%clk 0:31:20]} 45. Qf5+ {[%clk
0:24:27]} Kh8 {[%clk 0:31:21]} 46. Qd7 {[%clk 0:22:28]} b4 {[%clk 0:28:45]} 47.
Qxd6 {[%clk 0:19:46]} b3 {[%clk 0:27:30]} 48. Qb4 {[%clk 0:16:09]} Rc1 {[%clk
0:27:42]} 49. d6 {[%clk 0:14:59]} Rd1 {[%clk 0:27:36]} 50. Kf5 {[%clk 0:11:27]}
b2 {[%clk 0:21:13]} 51. Qxb2 {[%clk 0:11:27]} c3 {[%clk 0:21:31]} 52. Qb3 {[%clk
0:09:27]} c2 {[%clk 0:21:17]} 53. Ke4 {[%clk 0:09:27]} 1-0

[Event "9th Vellmar Chess Days"]
[Site "chess24.com"]
[Date "2017.07.13"]
[Round "1"]
[White "Schuette, Ulrich"]
[Black "Koenig, Marco, Dr."]
[Result "0-1"]
[Board "30"]
[WhiteElo "1830"]
[WhiteCountry "GER"]
[WhiteFideId "4646134"]
[WhiteEloChange "-4"]
[BlackElo "2068"]
[BlackCountry "GER"]
[BlackFideId "24643076"]
[BlackEloChange "4"]

1. e4 {[%clk 1:30:48]} c5 {[%clk 1:30:47]} 2. Nc3 {[%clk 1:31:02]} Nc6 {[%clk
1:30:42]} 3. f4 {[%clk 1:31:25]} d6 {[%clk 1:31:04]} 4. Bb5 {[%clk 1:31:49]} Bd7
{[%clk 1:31:03]} 5. Nf3 {[%clk 1:32:13]} g6 {[%clk 1:31:19]} 6. d3 {[%clk
1:29:06]} Bg7 {[%clk 1:29:57]} 7. Bd2 {[%clk 1:29:05]} e6 {[%clk 1:29:10]} 8. O-O
{[%clk 1:27:05]} Nge7 {[%clk 1:29:29]} 9. Bxc6 {[%clk 1:25:53]} Bxc6 {[%clk
1:28:29]} 10. h3 {[%clk 1:24:40]} O-O {[%clk 1:27:44]} 11. Qe1 {[%clk 1:19:27]}
b5 {[%clk 1:23:06]} 12. Rb1 {[%clk 1:15:55]} a5 {[%clk 1:08:56]} 13. Ne2 {[%clk
1:10:03]} b4 {[%clk 1:06:23]} 14. g4 {[%clk 1:05:32]} Qd7 {[%clk 0:57:34]} 15.
Ng3 {[%clk 0:59:18]} Rae8 {[%clk 0:53:55]} 16. Nh4 {[%clk 0:58:30]} f5 {[%clk
0:49:51]} 17. Qd1 {[%clk 0:52:21]} Kh8 {[%clk 0:42:07]} 18. Nf3 {[%clk 0:50:41]}
Bb7 {[%clk 0:36:28]} 19. c4 {[%clk 0:48:11]} Nc6 {[%clk 0:29:32]} 20. Be3 {[%clk
0:47:48]} Nd4 {[%clk 0:27:21]} 21. Nxd4 {[%clk 0:45:26]} cxd4 {[%clk 0:27:35]}
22. Bd2 {[%clk 0:45:38]} Qe7 {[%clk 0:23:41]} 23. g5 {[%clk 0:41:50]} Qd7 {[%clk
0:21:43]} 24. h4 {[%clk 0:41:48]} e5 {[%clk 0:21:37]} 25. exf5 {[%clk 0:41:37]}
gxf5 {[%clk 0:21:41]} 26. Qh5 {[%clk 0:41:28]} Re6 {[%clk 0:17:53]} 27. Rbe1
{[%clk 0:39:33]} Kg8 {[%clk 0:16:28]} 28. Qd1 {[%clk 0:37:36]} Ree8 {[%clk
0:15:45]} 29. a3 {[%clk 0:33:54]} e4 {[%clk 0:15:08]} 30. axb4 {[%clk 0:32:28]}
e3 {[%clk 0:14:12]} 31. bxa5 {[%clk 0:32:53]} exd2 {[%clk 0:14:17]} 32. Qxd2
{[%clk 0:33:16]} Qc6 {[%clk 0:13:45]} 33. b4 {[%clk 0:32:37]} Re3 {[%clk
0:13:05]} 34. Rxe3 {[%clk 0:32:50]} dxe3 {[%clk 0:13:31]} 35. Qe2 {[%clk
0:31:53]} d5 {[%clk 0:12:27]} 36. b5 {[%clk 0:31:06]} Qc5 {[%clk 0:08:19]} 37. a6
{[%clk 0:30:40]} Ba8 {[%clk 0:08:25]} 38. Rb1 {[%clk 0:30:42]} dxc4 {[%clk
0:05:43]} 39. dxc4 {[%clk 0:30:52]} Rb8 {[%clk 0:05:24]} 40. Rd1 {[%clk 0:28:24]}
Bf3 {[%clk 0:02:29]} 41. Qxf3 {[%clk 0:28:49]} e2+ {[%clk 0:02:50]} 42. Kh2
{[%clk 0:29:10]} exd1Q {[%clk 0:03:02]} 43. Qxd1 {[%clk 0:29:37]} Qxc4 {[%clk
0:02:28]} 44. a7 {[%clk 0:29:23]} Qa2+ {[%clk 0:02:14]} 45. Kh3 {[%clk 0:29:42]}
Qxa7 {[%clk 0:01:56]} 0-1

[Event "9th Vellmar Chess Days"]
[Site "chess24.com"]
[Date "2017.07.13"]
[Round "1"]
[White "Toepfer, Albrecht"]
[Black "Luke, Niko"]
[Result "1/2-1/2"]
[Board "31"]
[WhiteElo "2060"]
[WhiteCountry "GER"]
[WhiteFideId "12924067"]
[WhiteEloChange "-6"]
[BlackElo "1823"]
[BlackCountry "GER"]
[BlackFideId "16205553"]
[BlackEloChange "6"]

1. Nf3 {[%clk 1:30:42]} Nf6 {[%clk 1:30:47]} 2. c4 {[%clk 1:30:57]} e6 {[%clk
1:31:11]} 3. g3 {[%clk 1:31:02]} d5 {[%clk 1:31:36]} 4. b3 {[%clk 1:30:52]} c5
{[%clk 1:27:09]} 5. Bg2 {[%clk 1:28:51]} Be7 {[%clk 1:25:47]} 6. O-O {[%clk
1:29:13]} O-O {[%clk 1:24:13]} 7. Bb2 {[%clk 1:27:33]} b6 {[%clk 1:20:14]} 8. e3
{[%clk 1:25:41]} Bb7 {[%clk 1:18:32]} 9. Nc3 {[%clk 1:21:40]} Nc6 {[%clk
1:07:39]} 10. cxd5 {[%clk 1:20:31]} exd5 {[%clk 0:59:36]} 11. d4 {[%clk 1:20:47]}
cxd4 {[%clk 0:53:23]} 12. Nxd4 {[%clk 1:20:30]} Nxd4 {[%clk 0:51:46]} 13. Qxd4
{[%clk 1:17:29]} Bc5 {[%clk 0:48:57]} 14. Qd3 {[%clk 1:12:28]} Qd7 {[%clk
0:43:27]} 15. Rfd1 {[%clk 1:09:25]} Rfd8 {[%clk 0:40:12]} 16. Ne2 {[%clk
1:03:16]} a5 {[%clk 0:38:48]} 17. Bxf6 {[%clk 1:00:32]} gxf6 {[%clk 0:38:47]} 18.
Nd4 {[%clk 0:52:10]} Qg4 {[%clk 0:30:55]} 19. Qe2 {[%clk 0:42:46]} Qg6 {[%clk
0:29:32]} 20. a4 {[%clk 0:38:43]} Ba6 {[%clk 0:25:24]} 21. Nb5 {[%clk 0:32:54]}
Qf5 {[%clk 0:18:51]} 22. Qf3 {[%clk 0:29:22]} Qe5 {[%clk 0:17:21]} 23. Nd4 {[%clk
0:27:27]} Rac8 {[%clk 0:15:25]} 24. Rac1 {[%clk 0:27:28]} Bxd4 {[%clk 0:12:21]}
25. Rxc8 {[%clk 0:23:20]} Rxc8 {[%clk 0:07:29]} 26. exd4 {[%clk 0:22:39]} Qe7
{[%clk 0:07:52]} 27. Qxd5 {[%clk 0:19:00]} Rd8 {[%clk 0:08:17]} 28. Qf5 {[%clk
0:17:25]} Rxd4 {[%clk 0:08:25]} 29. Bf1 {[%clk 0:09:48]} Rxd1 {[%clk 0:05:41]}
30. Qg4+ {[%clk 0:09:53]} Kf8 {[%clk 0:06:05]} 31. Qxd1 {[%clk 0:10:19]} Bxf1
{[%clk 0:05:45]} 32. Kxf1 {[%clk 0:10:18]} Qb4 {[%clk 0:06:09]} 33. Qd3 {[%clk
0:10:10]} Kg7 {[%clk 0:06:29]} 34. Kg2 {[%clk 0:10:12]} Qc5 {[%clk 0:06:02]} 35.
h4 {[%clk 0:09:27]} Qc6+ {[%clk 0:05:17]} 36. Qf3 {[%clk 0:09:04]} Qe6 {[%clk
0:05:14]} 37. Kh2 {[%clk 0:06:00]} Qe5 {[%clk 0:03:29]} 38. Qg4+ {[%clk 0:05:04]}
Kh6 {[%clk 0:02:18]} 39. Qf3 {[%clk 0:03:32]} Kg7 {[%clk 0:02:06]} 40. Qc6 {[%clk
0:04:00]} Qe6 {[%clk 0:00:41]} 41. Qf3 {[%clk 0:26:49]} Qd6 {[%clk 0:28:54]} 42.
Kg2 {[%clk 0:26:43]} Qe5 {[%clk 0:26:03]} 43. Qc6 {[%clk 0:24:35]} Qd4 {[%clk
0:24:52]} 44. Qc4 {[%clk 0:23:52]} Qe5 {[%clk 0:23:24]} 45. Qg4+ {[%clk 0:21:31]}
Kh6 {[%clk 0:21:37]} 46. Qc4 {[%clk 0:18:28]} Kg7 {[%clk 0:21:15]} 47. Qd3 {[%clk
0:18:13]} Qc5 {[%clk 0:18:52]} 48. g4 {[%clk 0:17:47]} Qc6+ {[%clk 0:17:43]} 49.
f3 {[%clk 0:17:28]} Qc5 {[%clk 0:17:00]} 50. h5 {[%clk 0:13:51]} Qe5 {[%clk
0:15:55]} 51. Qd2 {[%clk 0:12:39]} Qc5 {[%clk 0:14:18]} 52. Qd3 {[%clk 0:11:20]}
Qe5 {[%clk 0:13:16]} 53. Kf2 {[%clk 0:10:08]} Qb2+ {[%clk 0:11:52]} 54. Kg3
{[%clk 0:10:01]} Qc1 {[%clk 0:10:46]} 55. Qd5 {[%clk 0:08:38]} Qe1+ {[%clk
0:10:10]} 56. Kf4 {[%clk 0:08:30]} Qb4+ {[%clk 0:09:38]} 57. Ke3 {[%clk 0:08:21]}
Qc3+ {[%clk 0:08:58]} 58. Ke4 {[%clk 0:08:08]} Qc1 {[%clk 0:07:10]} 59. Kd3
{[%clk 0:06:57]} Qd1+ {[%clk 0:06:10]} 60. Kc4 {[%clk 0:06:45]} Qe2+ {[%clk
0:05:54]} 61. Qd3 {[%clk 0:06:30]} Qe5 {[%clk 0:05:30]} 62. Qe4 {[%clk 0:05:20]}
Qc5+ {[%clk 0:04:32]} 63. Kd3 {[%clk 0:05:19]} Qc1 {[%clk 0:04:18]} 64. Qe3
{[%clk 0:04:40]} Qc6 {[%clk 0:03:37]} 65. Qf4 {[%clk 0:03:03]} Qd5+ {[%clk
0:03:15]} 66. Ke2 {[%clk 0:02:35]} Qc5 {[%clk 0:02:24]} 67. Kd3 {[%clk 0:02:12]}
Qd5+ {[%clk 0:02:15]} 68. Kc3 {[%clk 0:02:06]} Qc5+ {[%clk 0:02:04]} 69. Kb2
{[%clk 0:01:47]} Qf2+ {[%clk 0:01:31]} 70. Kc1 {[%clk 0:01:38]} Qc5+ {[%clk
0:01:20]} 71. Kd1 {[%clk 0:01:23]} Qd5+ {[%clk 0:01:15]} 72. Ke2 {[%clk 0:01:14]}
Qc5 {[%clk 0:00:59]} 73. Qe4 {[%clk 0:00:55]} Qc3 {[%clk 0:18:13]} 74. Qe3 {[%clk
0:19:07]} Qc2+ {[%clk 0:17:24]} 75. Kf1 {[%clk 0:18:56]} Qb1+ {[%clk 0:17:45]}
76. Kg2 {[%clk 0:18:56]} Qc2+ {[%clk 0:17:49]} 77. Kg3 {[%clk 0:18:05]} Qc7+
{[%clk 0:17:46]} 78. Qf4 {[%clk 0:16:19]} Qc5 {[%clk 0:17:37]} 79. Qd2 {[%clk
0:15:10]} Qg1+ {[%clk 0:17:40]} 80. Kf4 {[%clk 0:14:34]} Qc5 {[%clk 0:17:53]} 81.
Qe3 {[%clk 0:14:47]} Qd6+ {[%clk 0:16:54]} 82. Ke4 {[%clk 0:15:09]} Qe5+ {[%clk
0:17:18]} 83. Kd3 {[%clk 0:15:32]} Qd5+ {[%clk 0:17:35]} 84. Ke2 {[%clk 0:15:59]}
Qc6 {[%clk 0:17:07]} 85. Kf2 {[%clk 0:16:21]} Qc2+ {[%clk 0:17:24]} 86. Kg3
{[%clk 0:16:47]} Qc7+ {[%clk 0:17:29]} 87. f4 {[%clk 0:17:13]} h6 {[%clk
0:17:04]} 88. Qd4 {[%clk 0:16:08]} Qc6 {[%clk 0:14:33]} 89. g5 {[%clk 0:11:47]}
Qe6 {[%clk 0:14:27]} 90. gxf6+ {[%clk 0:07:46]} Qxf6 {[%clk 0:14:32]} 91. Qe5
{[%clk 0:05:23]} Qxe5 {[%clk 0:14:18]} 92. fxe5 {[%clk 0:05:52]} Kf8 {[%clk
0:12:37]} 93. Kf4 {[%clk 0:06:11]} Ke8 {[%clk 0:13:01]} 94. Ke4 {[%clk 0:06:05]}
Kd8 {[%clk 0:13:17]} 95. Kd4 {[%clk 0:05:12]} Kc7 {[%clk 0:12:49]} 96. Kc3 {[%clk
0:04:34]} Kc6 {[%clk 0:12:18]} 97. Kc4 {[%clk 0:05:02]} Kc7 {[%clk 0:12:38]} 98.
b4 {[%clk 0:04:29]} axb4 {[%clk 0:13:06]} 99. Kxb4 {[%clk 0:04:50]} Kc6 {[%clk
0:13:22]} 100. Kc4 {[%clk 0:05:11]} Kc7 {[%clk 0:13:44]} 101. Kd5 {[%clk
0:03:23]} Kd7 {[%clk 0:14:01]} 102. Kd4 {[%clk 0:02:39]} Kd8 {[%clk 0:13:00]}
103. Ke4 {[%clk 0:02:33]} Ke8 {[%clk 0:13:15]} 104. Kf4 {[%clk 0:02:44]} Kd7
{[%clk 0:13:28]} 105. Kf5 {[%clk 0:02:45]} 1/2-1/2

[Event "9th Vellmar Chess Days"]
[Site "chess24.com"]
[Date "2017.07.13"]
[Round "1"]
[White "Powalla, Christian"]
[Black "Held, Carsten, Dr."]
[Result "1/2-1/2"]
[Board "32"]
[WhiteElo "1826"]
[WhiteCountry "GER"]
[WhiteFideId "24658413"]
[WhiteEloChange "6"]
[BlackElo "2049"]
[BlackCountry "GER"]
[BlackFideId "1271741"]
[BlackEloChange "-6"]

1. e4 {[%clk 1:29:29]} c5 {[%clk 1:30:54]} 2. c3 {[%clk 1:29:35]} g6 {[%clk
1:31:13]} 3. d4 {[%clk 1:29:52]} cxd4 {[%clk 1:31:28]} 4. cxd4 {[%clk 1:30:13]}
d5 {[%clk 1:31:53]} 5. e5 {[%clk 1:30:37]} Nh6 {[%clk 1:32:03]} 6. Nc3 {[%clk
1:27:26]} Bg7 {[%clk 1:32:12]} 7. h3 {[%clk 1:26:40]} O-O {[%clk 1:32:34]} 8. Bd3
{[%clk 1:26:01]} Nc6 {[%clk 1:32:49]} 9. Nge2 {[%clk 1:25:27]} b6 {[%clk
0:40:34]} 10. a3 {[%clk 1:19:45]} Na5 {[%clk 0:37:35]} 11. O-O {[%clk 1:16:34]}
Bf5 {[%clk 0:30:09]} 12. Nf4 {[%clk 1:05:26]} Bxd3 {[%clk 0:29:50]} 13. Nxd3
{[%clk 1:05:28]} Nf5 {[%clk 0:28:26]} 14. Ne2 {[%clk 1:05:16]} e6 {[%clk
0:25:02]} 15. f4 {[%clk 1:00:20]} Rc8 {[%clk 0:24:37]} 16. g4 {[%clk 0:58:11]}
Ne7 {[%clk 0:24:45]} 17. Bd2 {[%clk 0:58:20]} Nc4 {[%clk 0:24:27]} 18. Rf3 {[%clk
0:57:19]} Nxd2 {[%clk 0:22:51]} 19. Qxd2 {[%clk 0:57:12]} Qd7 {[%clk 0:22:59]}
20. Kh2 {[%clk 0:53:45]} Qa4 {[%clk 0:19:56]} 21. Ne1 {[%clk 0:47:46]} Rc7 {[%clk
0:16:50]} 22. Rc1 {[%clk 0:47:49]} Rxc1 {[%clk 0:16:53]} 23. Qxc1 {[%clk
0:48:12]} Rc8 {[%clk 0:16:42]} 24. Rc3 {[%clk 0:46:17]} Rxc3 {[%clk 0:16:38]} 25.
Qxc3 {[%clk 0:46:22]} Qd1 {[%clk 0:13:22]} 26. Nc1 {[%clk 0:44:06]} Bh6 {[%clk
0:13:02]} 27. Ncd3 {[%clk 0:43:10]} Qe2+ {[%clk 0:12:01]} 28. Kg3 {[%clk
0:41:37]} g5 {[%clk 0:08:25]} 29. fxg5 {[%clk 0:40:21]} Bxg5 {[%clk 0:08:49]} 30.
Nf4 {[%clk 0:39:28]} Bxf4+ {[%clk 0:04:01]} 31. Kxf4 {[%clk 0:39:27]} Ng6+ {[%clk
0:04:27]} 32. Kg3 {[%clk 0:38:34]} Qe4 {[%clk 0:03:53]} 33. Ng2 {[%clk 0:37:50]}
Kg7 {[%clk 0:03:28]} 34. Qe3 {[%clk 0:37:32]} Qc2 {[%clk 0:02:43]} 35. Qf2 {[%clk
0:37:27]} Qd3+ {[%clk 0:01:43]} 36. Qe3 {[%clk 0:37:35]} Qc2 {[%clk 0:01:22]} 37.
Qf2 {[%clk 0:37:59]} Qd3+ {[%clk 0:01:37]} 38. Qe3 {[%clk 0:38:10]} Qc2 {[%clk
0:01:58]} 1/2-1/2

[Event "9th Vellmar Chess Days"]
[Site "chess24.com"]
[Date "2017.07.13"]
[Round "1"]
[White "Eggenstein, Frank"]
[Black "Boerma, Daniel"]
[Result "1/2-1/2"]
[Board "33"]
[WhiteElo "2047"]
[WhiteCountry "GER"]
[WhiteFideId "4651278"]
[WhiteEloChange "-6"]
[BlackElo "1825"]
[BlackCountry "GER"]
[BlackFideId "12965715"]
[BlackEloChange "6"]

1. e4 {[%clk 1:30:30]} c5 {[%clk 1:30:30]} 2. Nf3 {[%clk 1:30:30]} e6 {[%clk
1:30:30]} 3. c3 {[%clk 1:30:30]} Nf6 {[%clk 1:30:30]} 4. d3 {[%clk 1:30:30]} Qc7
{[%clk 1:30:30]} 5. Be2 {[%clk 1:24:14]} Nc6 {[%clk 1:30:17]} 6. O-O {[%clk
1:24:09]} Be7 {[%clk 1:30:00]} 7. Re1 {[%clk 1:24:12]} O-O {[%clk 1:30:01]} 8.
Bf1 {[%clk 1:23:41]} b6 {[%clk 1:30:12]} 9. d4 {[%clk 1:22:55]} d5 {[%clk
1:29:48]} 10. e5 {[%clk 1:21:51]} Nd7 {[%clk 1:30:02]} 11. a3 {[%clk 1:20:13]}
cxd4 {[%clk 1:28:02]} 12. cxd4 {[%clk 1:20:21]} f6 {[%clk 1:27:02]} 13. exf6
{[%clk 1:17:05]} Nxf6 {[%clk 1:27:24]} 14. Nc3 {[%clk 1:16:34]} Bd7 {[%clk
1:27:10]} 15. Bd3 {[%clk 1:12:28]} Rae8 {[%clk 1:27:02]} 16. Bg5 {[%clk 1:04:23]}
Bd8 {[%clk 1:23:45]} 17. Rc1 {[%clk 0:58:16]} Qb8 {[%clk 1:23:45]} 18. Bb1 {[%clk
0:34:19]} Ng4 {[%clk 1:19:28]} 19. Be3 {[%clk 0:13:09]} Nxe3 {[%clk 1:18:10]} 20.
Rxe3 {[%clk 0:13:00]} Bf6 {[%clk 1:17:58]} 21. h4 {[%clk 0:08:30]} Rf7 {[%clk
1:16:54]} 22. Qd3 {[%clk 0:04:11]} g6 {[%clk 1:17:11]} 23. Rce1 {[%clk 0:04:19]}
Ref8 {[%clk 1:16:39]} 24. g3 {[%clk 0:03:28]} Na5 {[%clk 1:15:21]} 25. R3e2
{[%clk 0:03:40]} Nc4 {[%clk 1:15:04]} 26. Nh2 {[%clk 0:02:24]} Bd8 {[%clk
1:13:36]} 27. Kg2 {[%clk 0:02:24]} b5 {[%clk 1:09:19]} 28. Rf1 {[%clk 0:02:01]}
b4 {[%clk 1:08:45]} 29. axb4 {[%clk 0:02:30]} Qxb4 {[%clk 1:09:03]} 30. Qc2
{[%clk 0:02:25]} Bb6 {[%clk 1:06:10]} 31. Rd1 {[%clk 0:02:51]} Nd6 {[%clk
1:05:18]} 32. Ng4 {[%clk 0:01:16]} Nf5 {[%clk 1:03:04]} 33. Qd2 {[%clk 0:00:51]}
Nxd4 {[%clk 0:59:39]} 34. Nh6+ {[%clk 0:01:16]} Kg7 {[%clk 0:59:21]} 35. Nxf7
{[%clk 0:01:41]} Rxf7 {[%clk 0:58:44]} 36. Na2 {[%clk 0:00:46]} Qc5 {[%clk
0:55:56]} 37. b4 {[%clk 0:00:48]} Qc7 {[%clk 0:55:40]} 38. Qb2 {[%clk 0:01:11]}
e5 {[%clk 0:55:32]} 39. Red2 {[%clk 0:01:21]} Bg4 {[%clk 0:54:38]} 40. Rc1 {[%clk
0:01:11]} Bf3+ {[%clk 0:54:36]} 41. Kh2 {[%clk 0:27:27]} Qd7 {[%clk 1:22:50]} 42.
Bc2 {[%clk 0:15:47]} Qg4 {[%clk 1:19:23]} 43. Re1 {[%clk 0:06:25]} Be4 {[%clk
1:14:32]} 44. Bd1 {[%clk 0:05:29]} Nf3+ {[%clk 1:10:12]} 45. Bxf3 {[%clk
0:05:22]} Qxf3 {[%clk 1:09:59]} 46. Qxe5+ {[%clk 0:04:50]} Kg8 {[%clk 1:07:18]}
47. Qe8+ {[%clk 0:04:38]} 1/2-1/2

[Event "9th Vellmar Chess Days"]
[Site "chess24.com"]
[Date "2017.07.13"]
[Round "1"]
[White "Kirchner, Markus"]
[Black "Hettler, Wolfgang"]
[Result "1/2-1/2"]
[Board "34"]
[WhiteElo "1820"]
[WhiteCountry "GER"]
[WhiteFideId "12979163"]
[WhiteEloChange "6"]
[BlackElo "2040"]
[BlackCountry "GER"]
[BlackFideId "4677706"]
[BlackEloChange "-6"]

1. e4 {[%clk 1:30:50]} c6 {[%clk 1:30:42]} 2. d4 {[%clk 1:31:07]} d5 {[%clk
1:31:03]} 3. Nc3 {[%clk 1:31:29]} dxe4 {[%clk 1:31:16]} 4. Nxe4 {[%clk 1:31:55]}
Bf5 {[%clk 1:31:34]} 5. Ng3 {[%clk 1:32:13]} Bg6 {[%clk 1:31:55]} 6. Bc4 {[%clk
1:32:33]} e6 {[%clk 1:31:47]} 7. N1e2 {[%clk 1:32:42]} Bd6 {[%clk 1:31:13]} 8. c3
{[%clk 1:32:40]} Nd7 {[%clk 1:30:50]} 9. Nf4 {[%clk 1:32:55]} Bxf4 {[%clk
1:29:52]} 10. Bxf4 {[%clk 1:31:44]} Ngf6 {[%clk 1:30:09]} 11. O-O {[%clk
1:31:28]} O-O {[%clk 1:30:23]} 12. Bd3 {[%clk 1:30:09]} Bxd3 {[%clk 1:27:22]} 13.
Qxd3 {[%clk 1:30:29]} Re8 {[%clk 1:27:40]} 14. Rfe1 {[%clk 1:29:10]} Qb6 {[%clk
1:26:44]} 15. a4 {[%clk 1:27:06]} c5 {[%clk 1:26:44]} 16. Be3 {[%clk 1:24:27]}
Nd5 {[%clk 1:13:36]} 17. dxc5 {[%clk 1:24:17]} Nxc5 {[%clk 1:13:36]} 18. Bxc5
{[%clk 1:24:03]} Qxc5 {[%clk 1:13:57]} 1/2-1/2

[Event "9th Vellmar Chess Days"]
[Site "chess24.com"]
[Date "2017.07.13"]
[Round "1"]
[White "Werner, Martin"]
[Black "Held, Maurice"]
[Result "1-0"]
[Board "35"]
[WhiteElo "2036"]
[WhiteCountry "GER"]
[WhiteFideId "4607970"]
[WhiteEloChange "4"]
[BlackElo "1819"]
[BlackCountry "GER"]
[BlackFideId "12952761"]
[BlackEloChange "-4"]

1. d4 {[%clk 1:30:58]} g6 {[%clk 1:30:43]} 2. e4 {[%clk 1:31:21]} Bg7 {[%clk
1:31:07]} 3. Nc3 {[%clk 1:31:42]} c6 {[%clk 1:28:17]} 4. Bc4 {[%clk 1:28:13]} b5
{[%clk 1:23:36]} 5. Bb3 {[%clk 1:25:55]} d6 {[%clk 1:23:03]} 6. Qf3 {[%clk
1:18:07]} e6 {[%clk 1:20:05]} 7. Be3 {[%clk 1:12:54]} Ne7 {[%clk 1:19:35]} 8. h4
{[%clk 1:07:07]} a5 {[%clk 1:18:03]} 9. a4 {[%clk 1:04:53]} b4 {[%clk 1:15:54]}
10. Nce2 {[%clk 1:03:02]} h5 {[%clk 0:59:10]} 11. Nh3 {[%clk 0:58:40]} Nd7 {[%clk
0:57:44]} 12. Ng5 {[%clk 0:50:25]} Rf8 {[%clk 0:49:47]} 13. O-O-O {[%clk
0:36:44]} Ba6 {[%clk 0:46:41]} 14. Nf4 {[%clk 0:32:34]} d5 {[%clk 0:44:53]} 15.
Qg3 {[%clk 0:25:49]} Nf6 {[%clk 0:38:50]} 16. Nfxe6 {[%clk 0:10:37]} Nxe4 {[%clk
0:34:59]} 17. Nxg7+ {[%clk 0:10:07]} 1-0